| 000 | 00417 a2200157 4500 | ||
|---|---|---|---|
| 001 | 31698 | ||
| 082 | _a621.3817SCH | ||
| 090 |
_c21466 _d21466 |
||
| 100 | _aSchilling, Donald | ||
| 245 |
_aElectronic Circuit Discrete and Integrated, 3rd Ed _cDonald Schilling |
||
| 250 | _a3 | ||
| 260 |
_aN.Y _bMcGraw-Hill _c1989 |
||
| 300 |
_a946 p. _bphotocopy |
||
| 500 | _aBE textbook Avionics | ||
| 600 | _aCharles Belove | ||
| 942 |
_aNUST-CAE _k621.3817SCH |
||
| 999 |
_c266771 _d266771 |
||